Normal view
MARC view
Entry Personal Name
001 - CONTROL NUMBER
- control field: 20505
003 - CONTROL NUMBER IDENTIFIER
- control field: ARRUPE
005 - DATE AND TIME OF LATEST TRANSACTION
- control field: 20151024123544.0
008 - FIXED-LENGTH DATA ELEMENTS
- fixed length control field: 151024|| aca||aabn | a|a d
040 ## - CATALOGING SOURCE
- Original cataloging agency: ARRUPE
- Transcribing agency: ARRUPE
100 ## - HEADING--PERSONAL NAME
- Personal name: Gougenheim, Georges,
- Dates associated with a name: 1900-
670 ## - SOURCE DATA FOUND
- Source citation: Work cat.: (ARRUPE)0: Gougenheim, Georges, 1900-, Dictionnaire fondamental de la langue française., [1962, c1958]